A FIRST COURSE IN DIFFERENTIAL EQUATIONS (Record no. 216260)

MARC details
000 -LEADER
fixed length control field 00495nam a22001697a 4500
008 - FIXED-LENGTH DATA ELEMENTS--GENERAL INFORMATION
fixed length control field 251124b |||||||| |||| 00| 0 eng d
020 ## - INTERNATIONAL STANDARD BOOK NUMBER
International Standard Book Number 978-1-305-97061-8
100 ## - MAIN ENTRY--PERSONAL NAME
Personal name ZILL, DENNIS G.
245 ## - TITLE STATEMENT
Title A FIRST COURSE IN DIFFERENTIAL EQUATIONS
Remainder of title WITH MODELING APPLICATIONS
250 ## - EDITION STATEMENT
Edition statement 10TH
260 ## - PUBLICATION, DISTRIBUTION, ETC.
Name of publisher, distributor, etc. CENGAGE LEARNING
Date of publication, distribution, etc. 2016
300 ## - PHYSICAL DESCRIPTION
Extent XI,384P.
500 ## - GENERAL NOTE
General note INCLUDES INDEX
650 ## - SUBJECT ADDED ENTRY
Topical term or geographic name entry element 1. DIFFERENTIAL EQUATIONS 2. MATHEMATICAL MODELS
942 ## - ADDED ENTRY ELEMENTS (KOHA)
Source of classification or shelving scheme Library of Congress Classification
Koha item type Long Loan Book
Holdings
Withdrawn status Lost status Source of classification or shelving scheme Damaged status Not for loan Collection Home library Current library Shelving location Date acquired Inventory number Total checkouts Full call number Barcode Date last seen Copy number Price effective from Koha item type
    Library of Congress Classification     Science & Technology Kisii University Library Kisii University Library On Display 11/24/2025 110027   QA 371 .Z55 2016 000000002389 11/24/2025 C.1 11/24/2025 Long Loan Book
    Library of Congress Classification     Science & Technology Kisii University Library Kisii University Library On Display 11/24/2025 110028   QA 371 .Z55 2016 000000002390 11/24/2025 C.2 11/24/2025 Long Loan Book
    Library of Congress Classification     Science & Technology Kisii University Library Kisii University Library On Display 11/24/2025 110029   QA 371 .Z55 2016 000000002471 11/24/2025 C.3 11/24/2025 Long Loan Book
    Library of Congress Classification     Science & Technology Kisii University Library Kisii University Library On Display 11/24/2025 110030   QA 371 .Z55 2016 000000002472 11/24/2025 C.4 11/24/2025 Long Loan Book